000 00583nam a2200217Ia 4500
003 OSt
005 20220926041222.0
006 a|||||r|||| 00| 0
007 ta
008 220923b |||||||| |||| 00| 0 eng d
037 _cGeneral Book
040 _aRTL
_cRTL
_beng
041 _2eng
_aeng
082 _aY10T, J8
100 _aDahlke H Otto
_9134465
245 0 _aValues in culture and classroom
260 _c1958
490 _aHarper's Social Science Series, ed by F Stuart Chapin
942 _hY10T, J8
_cGB
_2CC
999 _c666667
_d666667